000
00334nam a2200145Ia 4500
100
_a
Tomasi/Wayne
250
_a
3
942
_c
BK
654
_a
Advanced electronics
245
_a
Advanced Electronics Communications systems
260
_b
Prentice Hall
_a
New york
_c
1994
300
_a
371
546
_a
ENGLISH
999
_c
34405
_d
34405